|
|
|
|
| LEADER |
01029nam a2200265 a 4500 |
| 001 |
7006 |
| 003 |
BD-DhAAL |
| 008 |
130901s1993 xxua b 000 0 eng d |
| 020 |
|
|
|a 1882839021 (bbk.)
|
| 040 |
|
|
|a BD-DhAAL
|c BD-DhAAL
|d BD-DhAAL
|
| 082 |
0 |
0 |
|a 362.1
|
| 100 |
1 |
|
|a Husein, Khatidja
|9 2852
|
| 245 |
1 |
0 |
|a Planning and assessing health worker activities :
|b module user's guide /
|c Khatidja Husein ... [et al].
|
| 260 |
|
|
|a Washington DC. :
|b Aga Khan Foundation,
|c 1993.
|
| 300 |
|
|
|a ii, 136 p. :
|b ill. ;
|c 22 cm.
|
| 490 |
0 |
|
|a Primary Health Care Management Advancement Programme.
|
| 504 |
|
|
|a Includes bibliographical references.
|
| 541 |
|
|
|e 7007
|
| 650 |
|
0 |
|a Primary Health Care
|x Planning
|9 2853
|
| 650 |
|
0 |
|a Health Manpower Activities
|9 2854
|
| 650 |
|
0 |
|a Primary Health Care
|9 2855
|
| 852 |
1 |
|
|a Ayesha Abed Library
|j General shelf.
|
| 942 |
|
|
|2 ddc
|c BK
|
| 999 |
|
|
|c 13908
|d 13908
|
| 952 |
|
|
|0 0
|1 0
|2 ddc
|4 0
|6 362_100000000000000_PLA
|7 0
|9 23279
|a BRACUL
|b BRACUL
|c GEN
|d 2013-09-01
|l 0
|o 362.1 PLA
|p 3010007006
|r 2013-09-01
|t 1
|w 2013-09-01
|y BK
|